000 00666nam a2200277Ia 4500
005 20260324121111.0
008 008 260324s9999 xx 000 0 eng d
020 _a9781315773780
037 _aEBOOK
040 _aCRL
040 _beng
040 _cCRL
041 _2eng
041 _aeng
084 _qCRL
100 _aEon-Seong Lee; Dong-Wook Song
_91161189
245 0 _aMaritime Logistics Value in Knowledge Management
260 _bTaylor and Francis
260 _c2014
365 _a
365 _b240
856 _uhttp://www.taylorfrancis.com/books/9781315773780
942 _cEBOOK
999 _c1753077
_d1753077